000 00635nam a22002057a 4500
003 OSt
005 20180116192412.0
008 121206t1994 xxu||||| |||| 00| 0 eng d
020 _a9780442013448
020 _a0442013442
040 _c0
082 _a720.1
100 1 _aJohnson, Paul-Alan.
_96056
245 1 4 _aThe theory of architecture :
_bconcepts, themes & practices /
_cPaul-Alan Johnson
260 _aNew York :
_bVan Nostrand Reinhold,
_c1994.
300 _axxv, 486 p. :
_bill. ;
_c24 cm.
650 _aArchitecture--Philosophy
_96057
942 _2ddc
_cBK
999 _c353578
_d353578